000 00858nam a2200229Ia 4500
001 17020
003 GE_BSU
008 181216s||||||||xx |||||||||||||| ||und||
040 _cGE_BSU
080 _a82-93
100 _aნეკრასოვი, ანდრეი
245 _aკაპიტან ვრუნგელის თავგადასავალი
245 _bმოთხრობა უმცრ. სასკ. ასაკის ბავშვთათვის
245 _cრედ.ე.კუბლაშვილი
260 _aთბილისი
260 _bნაკადული
260 _c1974
300 _a176გვ. : ილ. ; 20სმ
653 _a[მოთხრობა
653 _aკაპიტან ვრუნგელის თავგადასავალი
942 _cBK
999 _c50082
_d50082